| 000 | 01008cam a2200325 4500 | ||
|---|---|---|---|
| 008 | 090401t1995 xxu||||| |||| 00| 0 eng d | ||
| 020 | _a0117531197 | ||
| 035 | _a(Sirsi) u40226 | ||
| 041 | _aeng | ||
| 050 | _a711.1 | ||
| 110 |
_aUnited Kingdom _bDepartment of the Environment _9982 |
||
| 245 | _aIndex of planning guidance. - June 1995 | ||
| 260 |
_aLondon _bHMSO _c1995 |
||
| 300 | _a22p. ; 30cm. | ||
| 350 | _a5 | ||
| 520 | _aA list of PPGs, RPGs, MPGs and other planning advice notes, together with brief summaries of their contents, followed by a subject index. current at 3 June 1995. | ||
| 650 | _aINDICES | ||
| 650 | _aMINERAL PLANNING GUIDANCE NOTES | ||
| 650 | _aMINERALS PLANNING | ||
| 650 | _aMPG | ||
| 650 | _aPLANNING GUIDANCE | ||
| 650 | _aPLANNING POLICY GUIDANCE NOTES | ||
| 650 | _aPPG | ||
| 650 | _aREGIONAL PLANNING GUIDANCE NOTES | ||
| 650 | _aREGIONAL PLANNING | ||
| 650 | _aRPG | ||
| 690 | _aPLANNING LAW AND PRACTICE | ||
| 942 | _n0 | ||
| 948 | _c04/03/1997 | ||
| 999 |
_c90849 _d90849 |
||